000
00253nam a2200097Ia 4500
001
1300823
005
20260420095911.0
008
260420s9999 xx 000 0 und d
245
0
_a
KORKUSUZ KAPTANLAR
_c
RUDYARD KIPLING
260
_b
GENÇ TİMAŞ YAYINLARI
999
_c
1300823
_d
1300823